| 000 | 25151cam a2204777 a 4500 | ||
|---|---|---|---|
| 999 | _c56654 | ||
| 001 | 17861617 | ||
| 003 | LIBRIS | ||
| 005 | 20210316124326.0 | ||
| 008 | 150418s2015 sw a||||||||||001 0cswe|c | ||
| 020 |
_a9789100139650 _qinb. |
||
| 035 | _a(BOKR)9789100139650 | ||
| 040 |
_aBOKR _dVasb _dD _dS _ea |
||
| 041 | _aswe | ||
| 082 | 0 | 4 |
_a305.409485 _223/swe |
| 084 |
_aVla:kc.5 _2kssb/8 |
||
| 084 |
_aGcz Krusenstjerna, Agnes von _2kssb/8 |
||
| 084 |
_aLz Krusenstjerna, Agnes von _2kssb/8 |
||
| 084 |
_aIbz Hjertén, Sigrid _2kssb/8 |
||
| 084 |
_aLz Hjertén, Sigrid _2kssb/8 |
||
| 084 |
_aGz Sachs, Nelly _2kssb/8 |
||
| 084 |
_aLz Sachs, Nelly _2kssb/8 |
||
| 100 | 1 |
_aJohannisson, Karin, _d1944-2016. _4aut |
|
| 245 | 1 | 4 |
_aDen sårade divan : _bom psykets estetik (och om Agnes von K, Sigrid H och Nelly S) / _cKarin Johannisson. |
| 264 | 1 |
_aStockholm : _bBonnier, _c2015 |
|
| 264 | 3 |
_aFalun : _b[Scandbook] |
|
| 300 |
_a365 s. _bill. _c22 cm |
||
| 500 | _a2. tr., 2015. 371 s. | ||
| 500 |
_5Kshu _aEj Fjärrlån |
||
| 541 | _5Li | ||
| 600 | 1 | 4 |
_aKrusenstjerna, Agnes von, _d1894-1940 _0https://libris.kb.se/75kmps9r5rzzjwh#it |
| 600 | 1 | 4 |
_aHjertén, Sigrid, _d1885-1948 _0https://libris.kb.se/97mpsj8t3769pbv#it |
| 600 | 1 | 4 |
_aSachs, Nelly, _d1891-1970 _0https://libris.kb.se/0xbdf7kj532mqst#it |
| 650 | 7 |
_aMedicinhistoria _0https://id.kb.se/term/sao/Medicinhistoria _2sao |
|
| 650 | 7 |
_aKvinnor _0https://id.kb.se/term/sao/Kvinnor _2sao |
|
| 650 | 7 |
_aPsykiskt sjuka _xhistoria _2sao |
|
| 650 | 7 |
_aPsykiska sjukdomar _xhistoria _2sao |
|
| 650 | 2 | 2 | _aSick Role |
| 650 | 2 | 2 | _aWomen |
| 650 | 2 | 2 | _aHistory, 20th Century |
| 650 | 1 | 2 |
_aMentally Ill Persons _xhistory |
| 650 | 2 | 2 |
_aMental Disorders _xhistory |
| 650 | 2 | 2 |
_aLiterature _xhistory |
| 650 | 2 | 2 |
_aArt _xhistory |
| 650 | 7 |
_aPsykiska sjukdomar _2kao |
|
| 650 | 7 |
_aKvinnorollen _2kao |
|
| 650 | 7 |
_aMental disorders _2kao//eng |
|
| 650 | 7 |
_aFemale role _2kao//eng |
|
| 650 | 7 |
_aFörfattare _xkonstnärer _zSverige _y1900-talet _2kao |
|
| 650 | 7 |
_aVansinne _xfallbeskrivningar _2kao |
|
| 650 | 7 |
_aAuthors _xartists _zSweden _y20th century _2kao//eng |
|
| 650 | 7 |
_aInsanity _xcase studies _2kao//eng |
|
| 650 | 0 | _aWomen | |
| 651 | 2 | _aSweden | |
| 653 | _aPsykiska sjukdomar | ||
| 653 | _aHistoria | ||
| 653 | _aKvinnorollen | ||
| 653 | _aKrusenstjerna, Agnes von | ||
| 653 | _aHjertén, Sigrid | ||
| 653 | _aSachs, Nelly | ||
| 653 | _a1900-talet | ||
| 653 | _aSverige | ||
| 655 | 7 |
_aBiografi _0https://id.kb.se/term/saogf/Biografi _2saogf |
|
| 655 | 2 | _aCase Reports | |
| 655 | 2 | _aBiography | |
| 698 | _a201540 | ||
| 887 |
_a{"@id":"wf7hxrg705zhgcw","modified":"2019-06-12T17:06:54.37+02:00","checksum":"332390278942"} _2librisxl |
||
| 887 |
_a{"@id":"pt2wmg3v16zkc85","modified":"2015-11-20T08:02:50+01:00","checksum":"209090169217"} _2librisxl |
||
| 887 |
_a{"@id":"v072m0x140v4p2r","modified":"2015-10-02T12:10:00+02:00","checksum":"203275330595"} _2librisxl |
||
| 887 |
_a{"@id":"37g9j9480vl3j3w","modified":"2015-09-02T12:02:43+02:00","checksum":"193643866511"} _2librisxl |
||
| 887 |
_a{"@id":"rw4z6stx5fzgkzt","modified":"2015-10-14T16:35:17+02:00","checksum":"190386733119"} _2librisxl |
||
| 887 |
_a{"@id":"6bkfm1mc3t5wklk","modified":"2015-11-03T10:01:48+01:00","checksum":"211563349187"} _2librisxl |
||
| 887 |
_a{"@id":"37g9t9j808btffg","modified":"2015-11-30T16:17:01+01:00","checksum":"253651254319"} _2librisxl |
||
| 887 |
_a{"@id":"chqm8mcj4nl96br","modified":"2016-01-14T12:21:28+01:00","checksum":"231900259819"} _2librisxl |
||
| 887 |
_a{"@id":"59jc9xcb479rcts","modified":"2015-10-19T16:02:38+02:00","checksum":"207317818085"} _2librisxl |
||
| 887 |
_a{"@id":"37gkkmb828xs96b","modified":"2016-11-08T16:11:11+01:00","checksum":"239503302260"} _2librisxl |
||
| 887 |
_a{"@id":"djrlx3vk20qrpfm","modified":"2015-09-11T14:05:19+02:00","checksum":"229761809205"} _2librisxl |
||
| 887 |
_a{"@id":"04c62hn52f5bqt0","modified":"2015-10-15T11:54:13+02:00","checksum":"281768835450"} _2librisxl |
||
| 887 |
_a{"@id":"x295d56340bv727","modified":"2015-11-05T09:40:03+01:00","checksum":"231782555842"} _2librisxl |
||
| 887 |
_a{"@id":"sx50xrsz3lbdvc0","modified":"2015-10-20T11:46:57+02:00","checksum":"182176058557"} _2librisxl |
||
| 887 |
_a{"@id":"x2956h332sz2n9v","modified":"2015-10-26T15:32:13+01:00","checksum":"157422092001"} _2librisxl |
||
| 887 |
_a{"@id":"9fnjgnbg0z65d6p","modified":"2015-12-05T08:03:10+01:00","checksum":"199148699165"} _2librisxl |
||
| 887 |
_a{"@id":"lqzsd61r0hdkmp6","modified":"2015-10-05T14:11:09+02:00","checksum":"233463027017"} _2librisxl |
||
| 887 |
_a{"@id":"59jc635b20gjl2r","modified":"2015-10-14T11:36:40+02:00","checksum":"234636428761"} _2librisxl |
||
| 887 |
_a{"@id":"6bkdrwwc1tp5041","modified":"2017-09-19T11:17:26+02:00","checksum":"261246447709"} _2librisxl |
||
| 887 |
_a{"@id":"6bkh02sc3ckb8s2","modified":"2016-02-12T16:28:36+01:00","checksum":"265063247321"} _2librisxl |
||
| 887 |
_a{"@id":"chqj1pcj52k4t4f","modified":"2015-12-09T16:13:28+01:00","checksum":"262615869971"} _2librisxl |
||
| 887 |
_a{"@id":"p24x99nqm58jksb5","modified":"2020-12-11T10:54:01.047+01:00","checksum":"222014429773"} _2librisxl |
||
| 887 |
_a{"@id":"kpxsq8lq1ft62cs","modified":"2015-10-22T12:10:18+02:00","checksum":"234365146391"} _2librisxl |
||
| 887 |
_a{"@id":"4hfl262k2xf11078","modified":"2020-11-09T11:34:56.22+01:00","checksum":"237741872626"} _2librisxl |
||
| 887 |
_a{"@id":"59jc949b2cpzbz6","modified":"2015-10-20T11:53:10+02:00","checksum":"250236864369"} _2librisxl |
||
| 887 |
_a{"@id":"mr0tkd9s4b3m8gm","modified":"2015-10-09T09:24:56+02:00","checksum":"211249050135"} _2librisxl |
||
| 887 |
_a{"@id":"mr0t60cs4sldj06","modified":"2017-02-06T18:41:19+01:00","checksum":"211650345159"} _2librisxl |
||
| 887 |
_a{"@id":"37gbjfn81q8q6p1","modified":"2015-10-31T08:18:22+01:00","checksum":"249477767054"} _2librisxl |
||
| 887 |
_a{"@id":"w187gpw204zs6qj","modified":"2016-03-22T16:34:15+01:00","checksum":"200253603812"} _2librisxl |
||
| 887 |
_a{"@id":"6bkd0vdc2dt1d9w","modified":"2015-10-05T16:20:04+02:00","checksum":"225790740916"} _2librisxl |
||
| 887 |
_a{"@id":"jnwq7nrp0r6knpt","modified":"2015-10-22T14:03:22+02:00","checksum":"212415525705"} _2librisxl |
||
| 887 |
_a{"@id":"mr0tf9ws2bhql1d","modified":"2015-10-05T16:24:08+02:00","checksum":"177167369499"} _2librisxl |
||
| 887 |
_a{"@id":"9fnjbcxg1h75ckk","modified":"2015-12-10T14:19:24+01:00","checksum":"260837379284"} _2librisxl |
||
| 887 |
_a{"@id":"qv3xbk4w42msk5m","modified":"2016-03-07T10:30:50+01:00","checksum":"178693575920"} _2librisxl |
||
| 887 |
_a{"@id":"26f91gf70px9725","modified":"2015-12-01T15:01:01+01:00","checksum":"271365128851"} _2librisxl |
||
| 887 |
_a{"@id":"ns1v643t594lw9k","modified":"2015-09-10T18:04:38+02:00","checksum":"213485523401"} _2librisxl |
||
| 887 |
_a{"@id":"7clfc6ld0z0qk2z","modified":"2015-10-20T11:15:23+02:00","checksum":"237977431038"} _2librisxl |
||
| 887 |
_a{"@id":"bgpj1tgh0fl6dvh","modified":"2015-09-25T14:47:28+02:00","checksum":"251884907655"} _2librisxl |
||
| 887 |
_a{"@id":"djrl60bk5njkdfw","modified":"2018-05-04T12:46:41+02:00","checksum":"348228113067"} _2librisxl |
||
| 887 |
_a{"@id":"hmvrglrn1zj3662","modified":"2016-01-21T16:35:05+01:00","checksum":"224199618574"} _2librisxl |
||
| 887 |
_a{"@id":"7clfc0gd2vgwjrc","modified":"2015-10-28T14:02:26+01:00","checksum":"191731533952"} _2librisxl |
||
| 887 |
_a{"@id":"37g8twg80bzptxs","modified":"2015-11-20T12:26:42+01:00","checksum":"255502578160"} _2librisxl |
||
| 887 |
_a{"@id":"qv3xbklw559tx3p","modified":"2015-10-07T10:57:06+02:00","checksum":"199277362651"} _2librisxl |
||
| 887 |
_a{"@id":"26f8rzc71h0qjjb","modified":"2015-09-28T10:38:29+02:00","checksum":"256590233955"} _2librisxl |
||
| 887 |
_a{"@id":"tz618r80476sp5k","modified":"2015-10-20T12:19:55+02:00","checksum":"189643524392"} _2librisxl |
||
| 887 |
_a{"@id":"fksm0bnl24kzl7s","modified":"2015-09-30T14:15:46+02:00","checksum":"203286453601"} _2librisxl |
||
| 887 |
_a{"@id":"pt2z9r1v1t0qfz8","modified":"2016-01-04T16:08:27+01:00","checksum":"200151784833"} _2librisxl |
||
| 887 |
_a{"@id":"sx50ld5z3p1n15g","modified":"2015-10-19T18:09:05+02:00","checksum":"176329851563"} _2librisxl |
||
| 887 |
_a{"@id":"lqzs53rr319r74m","modified":"2015-09-15T14:31:20+02:00","checksum":"233295491509"} _2librisxl |
||
| 887 |
_a{"@id":"x2942qm34lpz639","modified":"2018-02-20T13:31:45+01:00","checksum":"152976705589"} _2librisxl |
||
| 887 |
_a{"@id":"qv35pxdw0stsw51","modified":"2016-10-06T08:46:00+02:00","checksum":"173774357508"} _2librisxl |
||
| 887 |
_a{"@id":"hmvpxjfn4trq0kd","modified":"2016-02-15T18:02:53+01:00","checksum":"214960917527"} _2librisxl |
||
| 887 |
_a{"@id":"jnwqrrpp4bqt9vk","modified":"2015-11-10T12:07:42+01:00","checksum":"223520801300"} _2librisxl |
||
| 887 |
_a{"@id":"tz61g2r00fhsr49","modified":"2020-09-16T14:49:13.24+02:00","checksum":"192903390533"} _2librisxl |
||
| 887 |
_a{"@id":"ns1vvg0t177lt4b","modified":"2015-11-27T18:06:56+01:00","checksum":"200420991608"} _2librisxl |
||
| 887 |
_a{"@id":"kpxzvvtq4vz9n23","modified":"2016-06-03T11:10:22+02:00","checksum":"199060407148"} _2librisxl |
||
| 887 |
_a{"@id":"6bkf9dpc5qm76qd","modified":"2018-02-26T13:42:22+01:00","checksum":"218574273799"} _2librisxl |
||
| 887 |
_a{"@id":"ns1v7dlt2f2r92h","modified":"2018-02-20T16:17:29+01:00","checksum":"175296827704"} _2librisxl |
||
| 887 |
_a{"@id":"7clfc5td5v7c6f0","modified":"2015-12-16T14:04:53+01:00","checksum":"199853677322"} _2librisxl |
||
| 887 |
_a{"@id":"04c7j5850s3bk73","modified":"2015-11-11T10:56:43+01:00","checksum":"273015189910"} _2librisxl |
||
| 887 |
_a{"@id":"59jhj69b1r9czwj","modified":"2016-03-04T14:46:16+01:00","checksum":"248705231008"} _2librisxl |
||
| 887 |
_a{"@id":"bgpj4jkh1lqdj9h","modified":"2015-10-02T14:30:44+02:00","checksum":"177560118927"} _2librisxl |
||
| 887 |
_a{"@id":"djrlw3lk2tvdb9w","modified":"2015-09-08T18:24:11+02:00","checksum":"208001185378"} _2librisxl |
||
| 887 |
_a{"@id":"gltpr7xm3s262s0","modified":"2018-01-08T10:04:08+01:00","checksum":"180795888714"} _2librisxl |
||
| 887 |
_a{"@id":"chqkzfhj5ss553s","modified":"2015-11-13T14:35:04+01:00","checksum":"240086390264"} _2librisxl |
||
| 887 |
_a{"@id":"x295tj9327kjfp3","modified":"2015-11-30T10:47:54+01:00","checksum":"141227800741"} _2librisxl |
||
| 887 |
_a{"@id":"sx50xk1z2h7wcl2","modified":"2016-10-17T10:46:58+02:00","checksum":"168494284918"} _2librisxl |
||
| 887 |
_a{"@id":"lqzsbrmr41klfph","modified":"2015-09-29T16:05:59+02:00","checksum":"212724786790"} _2librisxl |
||
| 887 |
_a{"@id":"sx5zcvcz24x583t","modified":"2016-02-10T19:21:43+01:00","checksum":"199511801180"} _2librisxl |
||
| 887 |
_a{"@id":"15d7828623176l4","modified":"2015-12-16T12:23:04+01:00","checksum":"269518472838"} _2librisxl |
||
| 887 |
_a{"@id":"bgpjx87h2jv8x8l","modified":"2015-11-25T12:12:36+01:00","checksum":"201864229403"} _2librisxl |
||
| 887 |
_a{"@id":"sx50hxrz36q6rsb","modified":"2015-09-29T14:59:28+02:00","checksum":"168582805012"} _2librisxl |
||
| 887 |
_a{"@id":"x293tbw32njt42p","modified":"2016-01-26T16:05:55+01:00","checksum":"215914670767"} _2librisxl |
||
| 887 |
_a{"@id":"6bkds4bc5db2cbg","modified":"2017-09-04T14:24:55+02:00","checksum":"244007859755"} _2librisxl |
||
| 887 |
_a{"@id":"6bkds14c2nvxbfl","modified":"2020-04-23T09:36:57.684+02:00","checksum":"215636259738"} _2librisxl |
||
| 887 |
_a{"@id":"rw4zgshx1mn1ktm","modified":"2015-09-28T18:20:10+02:00","checksum":"190274540419"} _2librisxl |
||
| 887 |
_a{"@id":"15d8bfb62vgzk8r","modified":"2020-01-28T12:30:40.264+01:00","checksum":"210189641821"} _2librisxl |
||
| 887 |
_a{"@id":"v079zg410vj8g3f","modified":"2016-10-21T10:54:23+02:00","checksum":"200503954322"} _2librisxl |
||
| 887 |
_a{"@id":"ns1vcr7t2rzpwpv","modified":"2015-09-29T12:02:40+02:00","checksum":"229092155389"} _2librisxl |
||
| 887 |
_a{"@id":"pt2w9kqv0ftk4zv","modified":"2018-02-22T16:56:59+01:00","checksum":"204163097636"} _2librisxl |
||
| 887 |
_a{"@id":"fksn9z1l5kbbz66","modified":"2018-02-23T12:56:04+01:00","checksum":"212768315913"} _2librisxl |
||
| 887 |
_a{"@id":"8dmg0gxf3wp5dpq","modified":"2015-09-29T16:22:54+02:00","checksum":"204947551212"} _2librisxl |
||
| 887 |
_a{"@id":"ns1v50pt2ptxb6z","modified":"2015-09-07T14:04:38+02:00","checksum":"180123136011"} _2librisxl |
||
| 887 |
_a{"@id":"04c6sj3522b2zxs","modified":"2015-10-05T11:39:43+02:00","checksum":"225067855974"} _2librisxl |
||
| 887 |
_a{"@id":"sx54km5z26729g7","modified":"2016-03-31T11:32:43+02:00","checksum":"205995842637"} _2librisxl |
||
| 887 |
_a{"@id":"pt2wk6hv16tw0sq","modified":"2015-10-07T14:22:57+02:00","checksum":"200465608610"} _2librisxl |
||
| 887 |
_a{"@id":"26f8nvh71mdrm72","modified":"2015-09-21T10:56:30+02:00","checksum":"252349940338"} _2librisxl |
||
| 887 |
_a{"@id":"pt2x87tv21v8rhb","modified":"2015-11-16T10:09:21+01:00","checksum":"212533358182"} _2librisxl |
||
| 887 |
_a{"@id":"6bkdzd4c178tgpr","modified":"2015-10-20T11:47:59+02:00","checksum":"192546048402"} _2librisxl |
||
| 887 |
_a{"@id":"z3b5n2x45sw4hln","modified":"2015-09-29T13:14:22+02:00","checksum":"134673523904"} _2librisxl |
||
| 887 |
_a{"@id":"mr0t9hts5mjsvhl","modified":"2015-11-09T16:12:23+01:00","checksum":"214909538316"} _2librisxl |
||
| 887 |
_a{"@id":"jnwq1k0p2r9w990","modified":"2016-02-24T14:30:58+01:00","checksum":"214277565899"} _2librisxl |
||
| 887 |
_a{"@id":"x294sk735sqn3xg","modified":"2015-10-08T09:16:16+02:00","checksum":"189007516155"} _2librisxl |
||
| 887 |
_a{"@id":"qv3xrphw1w6swl2","modified":"2015-10-14T12:41:02+02:00","checksum":"204282151587"} _2librisxl |
||
| 887 |
_a{"@id":"gltnzf1m1nw90hq","modified":"2015-09-18T10:30:18+02:00","checksum":"221569349901"} _2librisxl |
||
| 887 |
_a{"@id":"pt2w8kzv568w6vr","modified":"2015-11-24T08:13:12+01:00","checksum":"211014225037"} _2librisxl |
||
| 887 |
_a{"@id":"z3b56ks452cn5pk","modified":"2015-09-01T18:24:55+02:00","checksum":"167128570682"} _2librisxl |
||
| 887 |
_a{"@id":"7clfs4xd43xfrhh","modified":"2015-09-23T15:23:16+02:00","checksum":"333599181942"} _2librisxl |
||
| 887 |
_a{"@id":"rw4z74cx0j8lpls","modified":"2016-11-10T12:17:49+01:00","checksum":"190804169269"} _2librisxl |
||
| 887 |
_a{"@id":"15djm0764zs3d7l","modified":"2016-12-28T11:07:03+01:00","checksum":"278517479784"} _2librisxl |
||
| 887 |
_a{"@id":"48hb6bl93b3grz9","modified":"2015-12-07T18:23:06+01:00","checksum":"210807148879"} _2librisxl |
||
| 887 |
_a{"@id":"ns1w6s9t4wrg0xj","modified":"2015-11-13T15:06:26+01:00","checksum":"226214864695"} _2librisxl |
||
| 887 |
_a{"@id":"jnwq1vmp0wc6fws","modified":"2015-09-07T14:07:48+02:00","checksum":"215173584688"} _2librisxl |
||
| 887 |
_a{"@id":"59jbhbmb465vx71","modified":"2015-10-14T18:45:42+02:00","checksum":"236161489397"} _2librisxl |
||
| 887 |
_a{"@id":"tz62pck0558wbtb","modified":"2015-11-27T10:03:16+01:00","checksum":"198617237213"} _2librisxl |
||
| 900 | 1 | s |
_6600 _d1894-1940 _uKrusenstjerna, Agnes von, _d1894-1940 |
| 900 | 1 | s |
_6600 _d1894-1940 _uKrusenstjerna, Agnes von, _d1894-1940 |
| 900 | 1 | s |
_6600 _d1894-1940 _uKrusenstjerna, Agnes von, _d1894-1940 |
| 900 | 1 | s |
_6600 _d1894-1940 _uKrusenstjerna, Agnes von, _d1894-1940 |
| 900 | 1 | s |
_6600 _d1894-1940 _uKrusenstjerna, Agnes von, _d1894-1940 |
| 900 | 1 | s |
_6600 _d1894-1940 _uKrusenstjerna, Agnes von, _d1894-1940 |
| 900 | 1 | s |
_6600 _d1885-1948 _uHjertén, Sigrid, _d1885-1948 |
| 900 | 1 | s |
_6600 _d1891-1970 _uSachs, Nelly, _d1891-1970 |
| 942 |
_2z _cBOOK |
||